| 000 | 00704nam a2200217 4500 | ||
|---|---|---|---|
| 003 | OSt | ||
| 005 | 20240613054303.0 | ||
| 006 | a | ||
| 008 | 240613b |||||||| |||| 00| 0 eng d | ||
| 020 | _a9715845142 | ||
| 040 |
_aDWCL-Main lib. _cOC |
||
| 082 | _aFil. 370.19 L576n 2006 | ||
| 100 | _aLee, Sergio J. | ||
| 245 | _aNational Service Training Program (NSTP) : Civic Welfare Training Service (CWTS) II : Literacy Training Service (LTS) II : resource-logbook / | ||
| 260 |
_aQuezon city : _bC & E Pub., _cc2006. |
||
| 300 |
_avii, _b136 p. : col. ill. ; _c25 cm. |
||
| 650 | _a1. Community service. | ||
| 650 | _a2. Community action. | ||
| 700 | _aSergio J. Lee | ||
| 942 |
_2ddc _n0 _cBK - FIL _kFil. |
||
| 999 |
_c615 _d615 |
||